Detalles MARC
| 000 -CABECERA |
| Campo de control de longitud fija |
01104nam a22003375i 4500 |
| 003 - IDENTIFICADOR DEL NÚMERO DE CONTROL |
| Campo de control |
CL-SaCFP |
| 005 - FECHA Y HORA DE LA ÚLTIMA TRANSACCIÓN |
| Campo de control |
20260306092352.0 |
| 008 - CÓDIGOS DE INFORMACIÓN DE LONGITUD FIJA |
| Campo de control de longitud fija |
251212s 000 0 spa |
| 015 ## - NÚMERO DE BIBLIOGRAFÍA NACIONAL |
| Número de bibliografía nacional |
cl-2025-xxxx |
| Fuente |
bcl |
| 020 ## - NÚMERO INTERNACIONAL NORMALIZADO PARA LIBROS (ISBN) |
| Número Internacional Normalizado para Libros (ISBN) |
9789566402251 |
| 040 ## - FUENTE DE LA CATALOGACIÓN |
| Centro transcriptor |
CL |
| 082 ## - NÚMERO DE LA CLASIFICACIÓN DECIMAL DEWEY |
| Número de clasificación |
CH863 F368 2025 |
| 100 1# - PUNTO DE ACCESO PRINCIPAL - NOMBRE DE PERSONA |
| Nombre de persona |
Ferrada, Miguel Ángel, |
| Fechas asociadas al nombre |
1976- |
| Término indicativo de función |
autor |
| 245 14 - MENCIÓN DE TÍTULO |
| Título |
Los brujos del fin del mundo : |
| Resto del título |
un thriller sobrenatural sobre la Recta Provincia / |
| Mención de responsabilidad etc. |
Miguel Ferrada. |
| 246 30 - VARIANTES DE TÍTULO |
| Título propio / Titulo en breve |
Un thriller sobrenatural sobre la Recta Provincia |
| 250 ## - MENCIÓN DE EDICIÓN |
| Mención de edición |
Segunda edición: octubre 2025. |
| 264 #1 - PRODUCTION, PUBLICATION, DISTRIBUTION, MANUFACTURE, AND COPYRIGHT NOTICE |
| Lugar de producción publicación distribución fabricación |
Santiago de Chile : |
| Nombre del de productor editor distribuidor fabricante |
Urano World Chile S.A., |
| Fecha de de producción publicación distribución fabricación o copyright |
2025. |
| 264 #3 - PRODUCTION, PUBLICATION, DISTRIBUTION, MANUFACTURE, AND COPYRIGHT NOTICE |
| Lugar de producción publicación distribución fabricación |
Chile : |
| Nombre del de productor editor distribuidor fabricante |
CyC Impresores Ltda., |
| Fecha de de producción publicación distribución fabricación o copyright |
2025. |
| 264 #4 - PRODUCTION, PUBLICATION, DISTRIBUTION, MANUFACTURE, AND COPYRIGHT NOTICE |
| Fecha de de producción publicación distribución fabricación o copyright |
c2025 |
| 300 ## - DESCRIPCIÓN FÍSICA |
| Extensión |
572 páginas : |
| Otras características físicas |
mapas ; |
| Dimensiones |
23 cm. |
| 336 ## - TIPO DE CONTENIDO |
| Término de tipo de contenido |
texto |
| Código de tipo de contenido |
txt |
| Fuente |
rdacontent |
| 337 ## - TIPO DE MEDIO |
| Nombre del tipo de medio |
no mediado |
| Código del tipo de medio |
n |
| Fuente |
rdamedia |
| 338 ## - TIPO DE SOPORTE |
| Nombre del tipo de soporte |
volumen |
| Código del tipo de soporte |
nc |
| Fuente |
rdacarrier |
| 500 ## - NOTA GENERAL |
| Nota general |
Stefano Books -- Contracubierta. |
| 650 #7 - PUNTO DE ACCESO ADICIONAL DE MATERIA - TÉRMINO DE MATERIA |
| Término de materia o nombre geográfico como elemento inicial |
Novelas chilenas |
| 650 #7 - PUNTO DE ACCESO ADICIONAL DE MATERIA - TÉRMINO DE MATERIA |
| Término de materia o nombre geográfico como elemento inicial |
Novelas de terror chilenas |
| 651 #7 - PUNTO DE ACCESO ADICIONAL DE MATERIA - NOMBRE GEOGRÁFICO |
| Nombre geográfico |
biloé (Chile) |
| Subdivisión de forma |
Novela |
| 655 #7 - TÉRMINO DE INDIZACIÓN - GÉNERO/FORMA |
| Datos o término principal de género/forma |
Novela |
| 942 ## - ENTRADA PARA ELEMENTOS AGREGADOS (KOHA) |
| Fuente de clasificación o esquema de ordenación en estanterías |
Dewey Decimal Classification |
| Koha [por defecto] tipo de item |
Libros |
| 949 ## - LOCAL PROCESSING INFORMATION (OCLC) |
| a |
c |
| b |
c |